Memorias políticas /
Gespeichert in:
| 1. Verfasser: | |
|---|---|
| Format: | Elektronisch E-Book |
| Sprache: | Spanisch |
| Veröffentlicht: |
Bogotá, Colombia :
Editorial Oveja Negra,
2010.
|
| Ausgabe: | 1. ed. |
| Schlagworte: | |
| Online-Zugang: | Digitalia Hispánica |
| Tags: |
Tag hinzufügen
Keine Tags, Fügen Sie den ersten Tag hinzu!
|
MARC
| LEADER | 00000nam a2200000Ii 4500 | ||
|---|---|---|---|
| 001 | DIGOVENEG035 | ||
| 003 | NyNyDIG | ||
| 006 | m o d | ||
| 007 | cr ||||||||||| | ||
| 008 | 140301s2010 ck o 000 0 spa d | ||
| 020 | |z 9789580611516 | ||
| 020 | |z 9580611513 | ||
| 040 | |a DGITA |b eng |e pn |c DGITA | ||
| 043 | |a s-ck--- | ||
| 050 | 1 | 4 | |a F2279.22.L67 eBook |
| 100 | 1 | |a López Michelsen, Alfonso, |d 1913-2007. | |
| 245 | 1 | 0 | |a Memorias políticas / |c Alfonso López Michelsen. |
| 250 | |a 1. ed. | ||
| 264 | 1 | |a Bogotá, Colombia : |b Editorial Oveja Negra, |c 2010. | |
| 300 | |a 1 online resource (312 p., [8] p.of plates.) : |b ill. | ||
| 336 | |a text |b txt |2 rdacontent | ||
| 337 | |a computer |b c |2 rdamedia | ||
| 338 | |a online resource |b cr |2 rdacarrier | ||
| 600 | 1 | 0 | |a López Michelsen, Alfonso, |d 1913-2007. |
| 650 | 0 | |a Presidents |z Colombia |v Biography. | |
| 651 | 0 | |a Colombia |x Politics and government |y 1946- | |
| 655 | 0 | |a Electronic books. | |
| 791 | 2 | |a Digitalia (Firm), |e distributor. | |
| 793 | 0 | |g Digitalia eBook Collection: |a Editorial Oveja Negra. | |
| 856 | 4 | 0 | |3 Digitalia Hispánica |u https://digitalia.unach.elogim.com/a/19870/ |
| 910 | |a Premium Collection: 2007-2012 | ||